000 00554nam a2200193Ia 4500
005 20250508150958.0
008 008 250505s9999 xx 000 0 eng d
037 _aTextual
040 _aFEDL
_beng
_cFEDL
041 _aeng
_2eng
084 _a330.954, IND
_qFEDL
245 0 _aFirst report of the national income committee
245 0 _cIndia, (Government of...). Economic Affairs (Ministry of Finance)
260 _c1951
300 _a102p.
650 _aEconomics
942 _cTEXL
_h330.954, IND
999 _c1326851
_d1326851